000 00603nam a2200205Ii 4500
003 JO-AjNU
008 230606s9999||||xx |||||||||||||| ||und||
020 _a978-0-07-148655-2
040 _aJO-AjNU
_beng
_erda
_cJO-AjNU
041 _aeng
050 1 4 _aTS170.K47 2007
100 3 _aLaseter, Timothy/Ronald kerber,
_eauthor
_91065
245 0 0 _aStrategic product creation
264 3 1 _aNew Delhi:Tata Mcgraw hill .2002
300 _a318P
336 _atext
_btxt
_2rdacontent
337 _aunmediated
_bn
_2rdamedia
338 _avolume
_bnc
_2rdacarrier
650 4 _aStrategic product creation
_91066
999 _aE559
_c559
_d559